| 000 | 01877nam a2200409 c 4500 | ||
|---|---|---|---|
| 003 | BLK | ||
| 005 | 20230908153019.0 | ||
| 008 | 180410b bul|||||r ||||||| ||bul|| | ||
| 010 | _aKNG00161078000 | ||
| 020 |
_a978-954-761-543-4 _bиздат.: ИнфоДар |
||
| 040 | _aBLK | ||
| 041 |
_aBUL _cBUL |
||
| 072 | 7 |
_2bullib _aН33 _xИкономика Н |
|
| 080 |
_aСтопански кризи. Депресии _b338.124.4 _x(73) _z338.124.4(73) |
||
| 100 | 1 |
_aФъргюсън, Чарлз _eпърви автор _9332455 |
|
| 700 |
_aГеоргиев, Стефан Любомиров _d1972- _9382280 |
||
| 139 |
_aФъргюсън, Чарлз _bФ 97 |
||
| 245 | 1 | 0 |
_aХищническа нация _bКорпоративните престъпници, политическата корупция и ограбването на Америка _cЧарлз Фъргюсън; прев. Стефан Любомиров Георгиев. |
| 257 | _aUSA | ||
| 260 |
_аСофия _bИнфоДар _c2014 _fСофия : Симолини |
||
| 300 |
_a377 с. _bс диагр. _c22 см |
||
| 380 | _a3 | ||
| 500 | _aОриг. загл. Predator Nation: Corporate Criminals, Political Corruption, and the Hijacking of America / Charles Ferguson. - Съдържа и за авт. - Бел. ; Речник. | ||
| 650 | 4 |
_aФинанси - кризи - САЩ _9332457 |
|
| 650 | 4 |
_aСтопански кризи - САЩ _9332458 |
|
| 651 | 4 |
_aСАЩ _9179493 |
|
| 653 | _aфинансови кризи | ||
| 653 | _aфинансови престъпления | ||
| 653 | _aкорупция | ||
| 659 | _aН | ||
| 852 | _aЦб 268923 | ||
| 856 | 4 |
_qpdf _u |
|
| 856 | 4 |
_qpdf _u |
|
| 942 |
_cKNG _n0 _05 |
||
| 944 |
_aCR _c22.05.2014 _lТеодора Пейчева-Дянкова _k30556 |
||
| 944 |
_aED _c26.08.2015 _lф / _kПенка_Димитрова |
||
| 999 |
_c154454 _d154454 |
||